NFL Top 100 Players of 2025 - Statistics

General Stats
  • This quiz has been taken 132 times
  • The average score is 75 of 100
Answer Stats
Rank Team Position Answer % Correct
3. BUF QB Josh Allen
100%
63. JAX DE Josh Hines-Allen
100%
1. PHI RB Saquon Barkley
100%
4. CIN WR Ja'Marr Chase
99%
9. MIN WR Justin Jefferson
99%
2. BAL QB Lamar Jackson
99%
5. KC QB Patrick Mahomes
99%
6. CIN QB Joe Burrow
98%
90. DEN DE Zach Allen
98%
29. PHI WR AJ Brown
97%
20. DET WR Amon-Ra St. Brown
97%
8. CLE DE Myles Garrett
97%
7. BAL RB Derrick Henry
96%
11. PIT LB TJ Watt
95%
98. MIN RB Aaron Jones
94%
12. KC DT Chris Jones
94%
15. DET QB Jared Goff
94%
21. WAS QB Jayden Daniels
94%
19. PHI QB Jalen Hurts
93%
37. KC TE Travis Kelce
93%
27. DET RB Jahmyr Gibbs
91%
39. HOU QB CJ Stroud
90%
31. SF TE George Kittle
90%
10. DEN CB Patrick Surtain II
90%
41. LAR WR Puka Nacua
90%
22. LVR DE Maxx Crosby
89%
47. MIA WR Tyreek Hill
89%
24. LVR TE Brock Bowers
88%
35. DAL WR CeeDee Lamb
88%
45. SF OT Trent Williams
88%
85. LAR RB Kyren Williams
87%
23. PHI OT Lane Johnson
87%
99. SEA DE Leonard Williams
87%
87. NYJ DT Quinnen Williams
87%
72. SEA QB Sam Darnold
87%
17. NYG DT Dexter Lawrence
86%
44. TB WR Mike Evans
86%
40. BAL LB Roquan Smith
86%
50. TB QB Baker Mayfield
85%
16. SF LB Fred Warner
85%
33. GB RB Josh Jacobs
85%
56. LAC QB Justin Herbert
85%
14. CIN DE Trey Hendrickson
85%
64. DEN QB Bo Nix
84%
79. DAL QB Dak Prescott
84%
68. GB QB Jordan Love
84%
59. LAR QB Matthew Stafford
84%
89. BUF RB James Cook
83%
77. CIN WR Tee Higgins
82%
62. ATL RB Bijan Robinson
80%
73. SF RB Christian McCaffrey
80%
36. GB DE Micah Parsons
80%
13. DET OT Penei Sewell
80%
57. SF DE Nick Bosa
79%
34. ARI S Budda Baker
78%
65. ARI TE Trey McBride
78%
91. MIA QB Tua Tagovailoa
78%
18. HOU CB Derek Stingley Jr.
77%
67. NYG WR Malik Nabers
77%
32. HOU WR Nico Collins
76%
46. HOU DE Will Anderson Jr.
75%
60. PHI CB Cooper DeJean
74%
28. TB OT Tristan Wirfs
74%
55. DET DE Aidan Hutchinson
73%
52. WAS WR Terry McLaurin
73%
97. ATL WR Drake London
72%
25. HOU DE Danielle Hunter
71%
54. LAC S Derwin James
70%
82. CLE WR Jerry Jeudy
70%
61. JAX WR Brian Thomas Jr.
69%
51. BAL S Kyle Hamilton
69%
94. DET TE Sam LaPorta
68%
76. TB DT Vita Vea
68%
43. PHI DT Jalen Carter
67%
66. PIT CB Jalen Ramsey
66%
100. LAC WR Ladd McConkey
66%
26. PHI LB Zack Baun
65%
58. HOU RB Joe Mixon
64%
83. PIT DT Cameron Heyward
63%
74. WAS LB Bobby Wagner
61%
84. NE CB Christian Gonzalez
60%
93. KC C Creed Humphrey
55%
30. GB S Xavier McKinney
55%
38. DEN LB Nik Bonitto
54%
92. ATL S Jessie Bates
53%
81. KC CB Trent McDuffie
53%
49. PHI CB Quinyon Mitchell
51%
42. BUF OT Dion Dawkins
48%
69. PHI OT Jordan Mailata
48%
53. LAR LB Jared Verse
47%
78. LAC LB Khalil Mack
46%
96. TB LB Lavonte David
46%
75. PIT LB Patrick Queen
40%
80. GB DE Rashan Gary
40%
71. DET S Kerby Joseph
38%
86. WAS OT Laremy Tunsil
36%
88. MIN LB Andrew Van Ginkel
32%
70. WAS LB Frankie Luvu
22%
95. ARI DE Josh Sweat
22%
48. MIN LB Jonathan Greenard
17%
No matching quizzes found
Score Distribution
Percent of People with Each Score
Percentile by Number Answered
Your Score History
You have not taken this quiz